[Event "Madrid ch 2016/2017 - Previa B"]
[Site "Madrid ESP"]
[Date "2017.02.18"]
[Round "7.11"]
[White "Leniz Martinez, Francisco"]
[Black "Ghavami, Mahmoud"]
[Result "1/2-1/2"]
[WhiteElo "1721"]
[BlackElo "1586"]
[PlyCount "137"]
[EventDate "2017.02.02"]
[EventType "swiss"]
[EventRounds "9"]
[EventCountry "ESP"]
[SourceTitle "Ajedrez en Madrid"]
[Source "lmi"]
[SourceDate "2017.02.02"]

1. d4 b6 2. e4 Bb7 3. Bd3 e6 4. a3 d5 5. e5 c5 6. c3 Nd7 7. Nf3 g6 8. Bf4 Ne7
9. O-O Qc7 10. Qd2 a6 11. h3 h6 12. Re1 b5 13. Bh2 Nb6 14. Be2 Nf5 15. Qd1 Be7
16. Nbd2 Na4 17. Nf1 Nxb2 18. Qd2 Na4 19. Rec1 c4 20. Bd1 Nb6 21. Rcb1 Nh4 22.
Bg3 Nxf3+ 23. Bxf3 Bg5 24. Bf4 Qe7 25. Nh2 Bc6 26. Bd1 Bxf4 27. Qxf4 Qg5 28.
Qc1 O-O 29. Qxg5 hxg5 30. Ng4 Nd7 31. Bc2 Kg7 32. Re1 a5 33. Kh2 Rab8 34. Reb1
Rb6 35. Rb2 f6 36. exf6+ Nxf6 37. Ne5 Ne4 38. Bxe4 dxe4 39. Nxc6 Rxc6 40. Re1
b4 41. axb4 axb4 42. cxb4 c3 43. Rc2 Rb8 44. b5 Rxb5 45. Rxe4 Rb2 46. Ree2 Rb4
47. Re3 Rb2 48. Ree2 Rxc2 49. Rxc2 Kf6 50. Kg3 Ke7 51. Kf3 Kd6 52. Ke4 Rc4 53.
Kd3 Kd5 54. Rxc3 Rxd4+ 55. Ke2 Ra4 56. Rd3+ Ke5 57. Re3+ Kf5 58. Rf3+ Rf4 59.
g3 Rxf3 60. Kxf3 Ke5 61. Ke3 Kf5 62. f3 e5 63. Kd3 Kf6 64. Ke3 Kf5 65. Kd3 Ke6
66. Kc4 Kd6 67. Kd3 Ke6 68. Ke4 Kf6 69. Ke3 1/2-1/2

[Event "Madrid ch 2016/2017 - Previa B"]
[Site "Madrid ESP"]
[Date "2017.02.18"]
[Round "7.12"]
[White "Ojosnegros Martin, Angel"]
[Black "Moro Serrano, Federico"]
[Result "1/2-1/2"]
[WhiteElo "1516"]
[BlackElo "1626"]
[PlyCount "125"]
[EventDate "2017.02.02"]
[EventType "swiss"]
[EventRounds "9"]
[EventCountry "ESP"]
[SourceTitle "Ajedrez en Madrid"]
[Source "lmi"]
[SourceDate "2017.02.02"]

1. e4 c5 2. Nf3 Nc6 3. d4 cxd4 4. Nxd4 Nf6 5. Nc3 e5 6. Nf3 Bb4 7. Bd3 d5 8.
exd5 Nxd5 9. Bd2 Nxc3 10. bxc3 Ba5 11. Bb5 O-O 12. Bxc6 bxc6 13. O-O Bg4 14. h3
Bxf3 15. gxf3 Qd7 16. Kg2 Rfd8 17. Be3 Bxc3 18. Rb1 Qe6 19. Qe2 Rd7 20. Rb3 Bd4
21. Rfb1 Rad8 22. Rb8 h6 23. Rxd8+ Rxd8 24. Qd3 Bb6 25. Qe2 Qxa2 26. Rg1 Bxe3
27. fxe3 Qa5 28. Kh1 Rd2 29. Qc4 Qd5 30. Qg4 g6 31. e4 Qd7 32. Qxd7 Rxd7 33.
Ra1 Kg7 34. Ra2 f5 35. exf5 gxf5 36. Kg2 Kf6 37. Kf1 e4 38. Ke2 exf3+ 39. Kxf3
Kg5 40. Kg3 f4+ 41. Kf3 c5 42. Ra6 h5 43. Ra5 Rc7 44. Ra4 c4 45. Ra5+ Kh4 46.
Kxf4 Kxh3 47. Rxh5+ Kg2 48. Rg5+ Kf2 49. Rf5 Ke2 50. Rd5 a6 51. Ke4 c3 52. Rd3
Re7+ 53. Kd4 a5 54. Kxc3 Rb7 55. Rd4 Rc7+ 56. Kb2 Ke3 57. Rd3+ Ke4 58. Ra3 Rb7+
59. Rb3 Ra7 60. Ka3 Kd4 61. Ka4 Kc4 62. Rb5 Kc3 63. Rxa5 1/2-1/2

[Event "Madrid ch 2016/2017 - Previa B"]
[Site "Madrid ESP"]
[Date "2017.02.18"]
[Round "7.13"]
[White "Benitez Cadenas, Luis Miguel"]
[Black "Dominguez Afonso, Ayraldo"]
[Result "0-1"]
[WhiteElo "1572"]
[BlackElo "1595"]
[PlyCount "82"]
[EventDate "2017.02.02"]
[EventType "swiss"]
[EventRounds "9"]
[EventCountry "ESP"]
[SourceTitle "Ajedrez en Madrid"]
[Source "lmi"]
[SourceDate "2017.02.02"]

1. d4 Nf6 2. Nf3 g6 3. g3 Bg7 4. Bg2 O-O 5. O-O d6 6. c4 c5 7. Nc3 Na6 8. Re1
Rb8 9. h3 Nc7 10. dxc5 Nce8 11. cxd6 Nxd6 12. Bf4 Ra8 13. Bxd6 exd6 14. Qc2 Qc7
15. Nb5 Qc5 16. Rad1 d5 17. Rc1 Bd7 18. Na3 Bc6 19. Ne5 Ne4 20. Bxe4 dxe4 21.
Nxc6 Qxc6 22. b4 e3 23. f3 Qd6 24. Kg2 Qxb4 25. Qd3 Rfe8 26. Rb1 Qd2 27. Qc2 b6
28. Qb3 Qc3 29. Rec1 Qxb3 30. axb3 Rad8 31. Kf1 Rd2 32. Rc2 Red8 33. Ke1 Bf8
34. Rxd2 exd2+ 35. Kd1 Bxa3 36. Ra1 Bd6 37. Rxa7 Bxg3 38. Rb7 Be1 39. Rxb6 Ra8
40. Rd6 Ra1+ 41. Kc2 Rc1+ 0-1

[Event "Madrid ch 2016/2017 - Previa B"]
[Site "Madrid ESP"]
[Date "2017.02.18"]
[Round "7.14"]
[White "Alvear Zapata, Juan Pablo"]
[Black "Lopez Martinez, Antonio"]
[Result "1-0"]
[WhiteElo "1503"]
[BlackElo "1648"]
[PlyCount "103"]
[EventDate "2017.02.02"]
[EventType "swiss"]
[EventRounds "9"]
[EventCountry "ESP"]
[SourceTitle "Ajedrez en Madrid"]
[Source "lmi"]
[SourceDate "2017.02.02"]

1. e4 e5 2. Nf3 d6 3. d4 exd4 4. Nxd4 Be7 5. Bc4 c6 6. Qh5 g6 7. Qf3 Bf6 8. Nc3
Qe7 9. Nde2 Nd7 10. Bf4 Ne5 11. Bxe5 dxe5 12. Rd1 Nh6 13. O-O b5 14. Bb3 O-O
15. h3 Kh8 16. Qd3 Rd8 17. Qxd8+ Qxd8 18. Rxd8+ Bxd8 19. Rd1 Be7 20. Nc1 Kg7
21. Nd3 f6 22. a3 a5 23. f4 exf4 24. Nxf4 f5 25. e5 Nf7 26. e6 a4 27. Ba2 Nd8
28. Nce2 g5 29. Nd3 Nxe6 30. Ne5 Nd8 31. Nd4 Bf6 32. Ndxc6 Nxc6 33. Nxc6 Bxb2
34. Rb1 Bd7 35. Bd5 Bxa3 36. Rxb5 Rc8 37. Rb7 Bc5+ 38. Kf1 a3 39. Rxd7+ Kh6 40.
Ne5 Bb4 41. Bb3 Bc3 42. Nc4 Ra8 43. Ba2 f4 44. Rb7 Re8 45. Nxa3 Re1+ 46. Kf2
Ra1 47. Bg8 Rxa3 48. Rxh7+ Kg6 49. Rd7 Ra6 50. Bh7+ Kh6 51. Bd3 Bf6 52. Rh7#
1-0

[Event "Madrid ch 2016/2017 - Previa B"]
[Site "Madrid ESP"]
[Date "2017.02.18"]
[Round "7.15"]
[White "Rodriguez Torres, Manuel"]
[Black "Olmos Rodriguez, Arcadio"]
[Result "1-0"]
[WhiteElo "1588"]
[BlackElo "1480"]
[PlyCount "65"]
[EventDate "2017.02.02"]
[EventType "swiss"]
[EventRounds "9"]
[EventCountry "ESP"]
[SourceTitle "Ajedrez en Madrid"]
[Source "lmi"]
[SourceDate "2017.02.02"]

1. e4 c6 2. d4 d5 3. f3 Qb6 4. Nc3 e6 5. e5 Ne7 6. Nge2 Nf5 7. a3 c5 8. Na4
Qa5+ 9. c3 cxd4 10. b4 Qc7 11. cxd4 Bd7 12. Bb2 Ne3 13. Qb3 Nxf1 14. Rc1 Qd8
15. Rxf1 Be7 16. Kf2 O-O 17. Nc5 Bc6 18. b5 Bxc5 19. bxc6 Qh4+ 20. Kg1 Nxc6 21.
Rxc5 Rac8 22. Qxb7 Rb8 23. Qxc6 Rxb2 24. Rc2 Rb6 25. Qd7 Ra6 26. a4 h6 27. Rc8
Rb6 28. g3 Qg5 29. f4 Qg4 30. Rxf8+ Kh7 31. Rxf7 Qxe2 32. Rxg7+ Kh8 33. Rh7+
1-0

[Event "Madrid ch 2016/2017 - Previa B"]
[Site "Madrid ESP"]
[Date "2017.02.18"]
[Round "7.17"]
[White "Cortijo Manso, Luis"]
[Black "Herreros Villalba, Ana"]
[Result "1-0"]
[WhiteElo "1518"]
[BlackElo "1114"]
[PlyCount "127"]
[EventDate "2017.02.02"]
[EventType "swiss"]
[EventRounds "9"]
[EventCountry "ESP"]
[SourceTitle "Ajedrez en Madrid"]
[Source "lmi"]
[SourceDate "2017.02.02"]

1. Nf3 Nf6 2. c4 d6 3. g3 g6 4. Bg2 Bg7 5. Nc3 O-O 6. d4 e5 7. dxe5 dxe5 8.
Qxd8 Rxd8 9. O-O Nbd7 10. Nb5 c6 11. Nc3 Rb8 12. Ng5 Re8 13. Nge4 b5 14. cxb5
cxb5 15. Nd6 Re6 16. Ndxb5 Ba6 17. Nc7 Rd6 18. Nxa6 Rxa6 19. Ne4 Nxe4 20. Bxe4
Nf6 21. Bg2 e4 22. e3 Rd8 23. a3 Rad6 24. Rb1 Rd1 25. h3 Rxf1+ 26. Kxf1 Rd1+
27. Ke2 Rg1 28. Bf1 g5 29. Bd2 g4 30. h4 Nd7 31. b4 Ne5 32. Rc1 Nd3 33. Rc8+
Bf8 34. Ra8 Rh1 35. Bg2 Ra1 36. Bxe4 Nc1+ 37. Bxc1 Rxc1 38. Rxa7 h5 39. b5 Ra1
40. a4 Ra2+ 41. Kf1 Ra1+ 42. Kg2 Ra2 43. Bd5 Rd2 44. Bxf7+ Kg7 45. Bxh5+ Kh6
46. Bxg4 Bc5 47. Ra6+ Kg7 48. Re6 Ra2 49. Re4 Rb2 50. Kf3 Bb4 51. Kg2 Be1 52.
Rf4 Bd2 53. Rf3 Rb4 54. Bd7 Rb2 55. e4 Ba5 56. e5 Bd8 57. e6 Bf6 58. a5 Ra2 59.
a6 Ra5 60. g4 Bxh4 61. Rf7+ Kg6 62. Be8 Kg5 63. e7 Kxg4 64. Bd7+ 1-0

[Event "Madrid ch 2016/2017 - Previa B"]
[Site "Madrid ESP"]
[Date "2017.02.18"]
[Round "7.18"]
[White "Perdiguero Herreros, Alejandro"]
[Black "Martinez Pascual, Gonzalo"]
[Result "1/2-1/2"]
[WhiteElo "1409"]
[BlackElo "1493"]
[PlyCount "135"]
[EventDate "2017.02.02"]
[EventType "swiss"]
[EventRounds "9"]
[EventCountry "ESP"]
[SourceTitle "Ajedrez en Madrid"]
[Source "lmi"]
[SourceDate "2017.02.02"]

1. e4 c6 2. d4 d5 3. e5 c5 4. c3 Nc6 5. Nf3 Bg4 6. Bg5 Qb6 7. h3 Bxf3 8. gxf3
Qxb2 9. Nd2 Qxc3 10. Be3 cxd4 11. Rc1 Qa5 12. Bf4 e6 13. Qb3 Bb4 14. Bd3 Bxd2+
15. Bxd2 Qb6 16. Bb5 Nge7 17. O-O O-O 18. f4 a6 19. Ba4 Qxb3 20. Bxb3 Nf5 21.
Kh2 d3 22. Rg1 Ncd4 23. Bd1 Rac8 24. Bh5 Ne2 25. Bxe2 dxe2 26. Rce1 Nd4 27. Rg3
Rc2 28. Be3 Nf5 29. Rf3 Rd8 30. Bb6 Rd7 31. Rd3 Rxa2 32. Kg2 Rb2 33. Ba5 b6 34.
Bc3 Rb3 35. Rxe2 d4 36. Red2 Rxc3 37. Rxc3 dxc3 38. Rxd7 h6 39. Rc7 Kf8 40.
Rxc3 Ne7 41. Kf1 Nd5 42. Rc4 Ke8 43. Ke2 Kd7 44. Kd2 b5 45. Rc2 Nxf4 46. Ra2
Nd5 47. Rxa6 Nb4 48. Rb6 Nd5 49. Rxb5 Kc6 50. Rb3 f5 51. Ra3 Nf4 52. h4 g5 53.
hxg5 hxg5 54. Rg3 g4 55. f3 gxf3 56. Rxf3 Ng6 57. Rd3 Nxe5 58. Rd8 Nc4+ 59. Kd3
Nd6 60. Kd4 Kc7 61. Rf8 Kd7 62. Ke5 Ke7 63. Rg8 Nf7+ 64. Kf4 Kf6 65. Kf3 e5 66.
Ra8 Ng5+ 67. Kg3 f4+ 68. Kg4 1/2-1/2

[Event "Madrid ch 2016/2017 - Previa B"]
[Site "Madrid ESP"]
[Date "2017.02.24"]
[Round "8.1"]
[White "Marin Aso, Jose Luis"]
[Black "Vazquez Gonzalez, Jesus"]
[Result "1/2-1/2"]
[WhiteElo "1882"]
[BlackElo "1911"]
[PlyCount "43"]
[EventDate "2017.02.02"]
[EventType "swiss"]
[EventRounds "9"]
[EventCountry "ESP"]
[SourceTitle "Ajedrez en Madrid"]
[Source "lmi"]
[SourceDate "2017.02.02"]

1. e4 g6 2. d4 Bg7 3. Nf3 c5 4. Nc3 Qa5 5. Be2 Nc6 6. dxc5 Bxc3+ 7. bxc3 Qxc3+
8. Bd2 Qxc5 9. O-O Nf6 10. c4 Nxe4 11. Be3 Qa5 12. Qc2 f5 13. Bd3 Nf6 14. Bh6
Ng4 15. Bg7 Rg8 16. Bc3 Qc7 17. Rfe1 d6 18. c5 Bd7 19. cxd6 Qxd6 20. Bc4 O-O-O
21. Bxg8 Rxg8 22. Rad1 1/2-1/2

[Event "Madrid ch 2016/2017 - Previa B"]
[Site "Madrid ESP"]
[Date "2017.02.24"]
[Round "8.2"]
[White "Baeza Escudero, Javier"]
[Black "Barragan Arriaza, Pablo"]
[Result "0-1"]
[WhiteElo "1821"]
[BlackElo "1813"]
[PlyCount "104"]
[EventDate "2017.02.02"]
[EventType "swiss"]
[EventRounds "9"]
[EventCountry "ESP"]
[SourceTitle "Ajedrez en Madrid"]
[Source "lmi"]
[SourceDate "2017.02.02"]

1. d4 d5 2. c4 c6 3. Nc3 Nf6 4. Nf3 e6 5. e3 Nbd7 6. Bd3 dxc4 7. Bxc4 b5 8. Bd3
Bd6 9. e4 e5 10. O-O O-O 11. a3 a6 12. h3 Bb7 13. Be3 Re8 14. Re1 h6 15. Rc1
Rc8 16. Bb1 exd4 17. Nxd4 Bb8 18. Nf5 c5 19. Nd6 Bxd6 20. Qxd6 Ne5 21. Rcd1
Qxd6 22. Rxd6 Nc4 23. Rxf6 gxf6 24. Bc1 Kg7 25. b3 Nd6 26. f3 c4 27. b4 Rcd8
28. Kf2 Nc8 29. g4 Ne7 30. h4 Nc6 31. g5 hxg5 32. Rg1 Ne5 33. hxg5 Nd3+ 34.
Bxd3 Rxd3 35. gxf6+ Kxf6 36. Rh1 Red8 37. Ne2 Rb3 38. Rh5 Rdd3 39. Rf5+ Kg7 40.
Ng3 Kf8 41. Nh5 Bc8 42. Bh6+ Ke8 43. Rc5 Rxf3+ 44. Ke2 Bg4 45. Ng7+ Ke7 46. Ke1
Rb1+ 47. Kd2 Rd3+ 48. Kc2 Rh1 49. Bg5+ f6 50. Rc7+ Kf8 51. Bxf6 Rh2+ 52. Kc1
Rd1# 0-1

[Event "Madrid ch 2016/2017 - Previa B"]
[Site "Madrid ESP"]
[Date "2017.02.24"]
[Round "8.3"]
[White "Morera Rodriguez, Ignacio"]
[Black "Tarrio Ocaña, Jose Manuel"]
[Result "1-0"]
[WhiteElo "1972"]
[BlackElo "1785"]
[PlyCount "91"]
[EventDate "2017.02.02"]
[EventType "swiss"]
[EventRounds "9"]
[EventCountry "ESP"]
[SourceTitle "Ajedrez en Madrid"]
[Source "lmi"]
[SourceDate "2017.02.02"]

1. d4 d5 2. c4 c6 3. Nf3 Nf6 4. Qc2 e6 5. g3 Nbd7 6. Bg2 g6 7. O-O Bg7 8. Nbd2
O-O 9. Rd1 b6 10. e4 dxe4 11. Nxe4 Nxe4 12. Qxe4 Bb7 13. Bf4 Qc8 14. Ne5 Nxe5
15. dxe5 Rd8 16. Bg5 Rxd1+ 17. Rxd1 Qc7 18. Rd6 h6 19. Be3 Rd8 20. c5 Bf8 21.
Qh4 Bxd6 22. cxd6 Qd7 23. Bxh6 f5 24. Qf6 Kh7 25. Bf8 Re8 26. Be7 Rg8 27. Bf8
Rxf8 28. Qxf8 Bc8 29. Qf6 a5 30. Qh4+ Kg7 31. Qa4 Bb7 32. Qb3 b5 33. Qc3 a4 34.
Qa5 Kf7 35. Qc7 Ke8 36. Qxd7+ Kxd7 37. f4 Ba6 38. Kf2 b4 39. a3 bxa3 40. bxa3
Bc4 41. Ke3 c5 42. Kd2 Bb3 43. Kc3 Ba2 44. Bf3 Bb1 45. Be2 Be4 46. Bb5+ 1-0

[Event "Madrid ch 2016/2017 - Previa B"]
[Site "Madrid ESP"]
[Date "2017.02.24"]
[Round "8.4"]
[White "Garcia Serrano, Jose M"]
[Black "Vazquez Gonzalez, Francisco"]
[Result "0-1"]
[WhiteElo "1859"]
[BlackElo "1943"]
[PlyCount "84"]
[EventDate "2017.02.02"]
[EventType "swiss"]
[EventRounds "9"]
[EventCountry "ESP"]
[SourceTitle "Ajedrez en Madrid"]
[Source "lmi"]
[SourceDate "2017.02.02"]

1. e4 Nc6 2. d4 e5 3. dxe5 Nxe5 4. f4 Ng6 5. Nf3 Bc5 6. h4 h5 7. f5 N6e7 8. Bc4
Nf6 9. e5 Ng4 10. Bg5 f6 11. exf6 gxf6 12. Qe2 d5 13. Bd3 Qd6 14. Bd2 Qg3+ 15.
Kf1 Bd7 16. b4 Bb6 17. a4 a6 18. Nc3 O-O-O 19. Rh3 Qf2+ 20. Qxf2 Nxf2 21. Rh2
Nxd3 22. cxd3 Bxf5 23. a5 Bxd3+ 24. Ke1 Ba7 25. Bf4 Ng6 26. Bg3 Rhe8+ 27. Kd2
Bc4 28. Re1 Rxe1 29. Bxe1 Re8 30. g3 Ne5 31. Nxe5 fxe5 32. Bf2 Bxf2 33. Rxf2
Rg8 34. Ne2 Bxe2 35. Rxe2 e4 36. Re3 Kd7 37. Kc3 Kd6 38. Kd4 Rg7 39. Rc3 c6 40.
Re3 Rf7 41. g4 hxg4 42. Rg3 Rf3 0-1

[Event "Madrid ch 2016/2017 - Previa B"]
[Site "Madrid ESP"]
[Date "2017.02.24"]
[Round "8.6"]
[White "Del Noval Nemeshazi, Nesztor"]
[Black "Ocaña Lameiro, Oliver"]
[Result "0-1"]
[WhiteElo "1878"]
[BlackElo "1982"]
[PlyCount "54"]
[EventDate "2017.02.02"]
[EventType "swiss"]
[EventRounds "9"]
[EventCountry "ESP"]
[SourceTitle "Ajedrez en Madrid"]
[Source "lmi"]
[SourceDate "2017.02.02"]

1. e4 c6 2. d4 d5 3. exd5 cxd5 4. Bd3 Qc7 5. Nf3 Nc6 6. c3 Bg4 7. Nbd2 Nf6 8.
O-O e6 9. Re1 Bd6 10. h3 Bh5 11. Qa4 O-O 12. b4 Rac8 13. b5 Na5 14. Bb2 b6 15.
Ne5 Bg6 16. Nxg6 hxg6 17. Qd1 Nh5 18. Qf3 Qe7 19. a4 Qg5 20. Nf1 Nf4 21. Bc2 e5
22. dxe5 Bxe5 23. g3 Nxh3+ 24. Kh2 Qh6 25. Qe3 Ng5+ 26. Kg2 Nc4 27. Qc1 Qh3+
0-1

[Event "Madrid ch 2016/2017 - Previa B"]
[Site "Madrid ESP"]
[Date "2017.02.24"]
[Round "8.7"]
[White "Alameda Arellano, Cristeto"]
[Black "Molina Garcia, Francisco J"]
[Result "0-1"]
[WhiteElo "1507"]
[BlackElo "1965"]
[PlyCount "74"]
[EventDate "2017.02.02"]
[EventType "swiss"]
[EventRounds "9"]
[EventCountry "ESP"]
[SourceTitle "Ajedrez en Madrid"]
[Source "lmi"]
[SourceDate "2017.02.02"]

1. d4 d5 2. Bf4 Nf6 3. e3 c5 4. Nf3 Nc6 5. c3 Qb6 6. Qb3 c4 7. Qc2 Bf5 8. Qc1
h6 9. h3 e6 10. Nbd2 Be7 11. Be2 O-O 12. O-O Rfc8 13. Bd1 Qd8 14. Bc2 Bxc2 15.
Qxc2 b5 16. e4 b4 17. Rfe1 a5 18. exd5 exd5 19. Ne5 a4 20. Re3 a3 21. Rae1 Bd6
22. Qf5 Ne7 23. Qc2 axb2 24. Nxf7 Kxf7 25. Bxd6 Qxd6 26. Rxe7+ Qxe7 27. Rxe7+
Kxe7 28. Qxb2 bxc3 29. Qxc3 Rxa2 30. Qb4+ Ke8 31. Qb7 Raa8 32. Qxg7 Ra6 33. Qb7
Rac6 34. Qb5 c3 35. Nb3 c2 36. Qe2+ Kf7 37. Nc5 c1=Q+ 0-1

[Event "Madrid ch 2016/2017 - Previa B"]
[Site "Madrid ESP"]
[Date "2017.02.24"]
[Round "8.8"]
[White "Ochoa Gonzalez, Hugo"]
[Black "Anton Quevedo, Andrea"]
[Result "0-1"]
[WhiteElo "1422"]
[BlackElo "1922"]
[PlyCount "91"]
[EventDate "2017.02.02"]
[EventType "swiss"]
[EventRounds "9"]
[EventCountry "ESP"]
[SourceTitle "Ajedrez en Madrid"]
[Source "lmi"]
[SourceDate "2017.02.02"]

1. e4 Nf6 2. e5 Nd5 3. d4 d6 4. exd6 exd6 5. c4 Nb6 6. Nc3 Nc6 7. Be3 Be7 8. h3
O-O 9. Nf3 Bf5 10. d5 Nb4 11. Nd4 Bg6 12. a3 Na6 13. Qg4 Bf6 14. Nf5 Re8 15.
Bd3 Nc5 16. Bc2 Bxc3+ 17. bxc3 Qf6 18. O-O Qxc3 19. Rac1 Qxc4 20. Bd4 Qxd5 21.
Nxg7 Re4 22. Bxe4 Qxd4 23. Nh5 Nxe4 24. Rce1 d5 25. Re3 Qb2 26. Re2 Qe5 27. Ng3
Qg7 28. Rfe1 Rc8 29. f3 Nf6 30. Nf5 Bxf5 31. Qxf5 Qg6 32. Qe5 c5 33. Qe7 Nbd7
34. Qe3 d4 35. Qb3 b6 36. Re7 d3 37. Rd1 c4 38. Qa4 Rc7 39. Rd2 c3 40. Rd1 c2
41. Rde1 c1=Q 42. Rxc1 Rxc1+ 43. Kh2 Rc2 44. Qg4 Nxg4+ 45. hxg4 Qd6+ 46. Re5
0-1

[Event "Madrid ch 2016/2017 - Previa B"]
[Site "Madrid ESP"]
[Date "2017.02.24"]
[Round "8.9"]
[White "Fernandez Estremera, Fernando"]
[Black "Cuellar Gutierrez, Raul"]
[Result "0-1"]
[WhiteElo "1793"]
[BlackElo "1835"]
[PlyCount "114"]
[EventDate "2017.02.02"]
[EventType "swiss"]
[EventRounds "9"]
[EventCountry "ESP"]
[SourceTitle "Ajedrez en Madrid"]
[Source "lmi"]
[SourceDate "2017.02.02"]

1. d4 Nf6 2. c4 g6 3. Nc3 Bg7 4. e4 d6 5. Nf3 O-O 6. Be2 e5 7. dxe5 dxe5 8.
Qxd8 Rxd8 9. Bg5 Re8 10. Nd5 Nxd5 11. cxd5 c6 12. Bc4 cxd5 13. Bxd5 Nc6 14.
O-O-O Bg4 15. Bxc6 Rac8 16. Rd6 Re6 17. Rhd1 Rxc6+ 18. Rxc6 Rxc6+ 19. Kb1 f6
20. Be3 a6 21. Rd8+ Kf7 22. Ne1 Bf8 23. Nd3 Be7 24. Rh8 Kg7 25. Re8 Bf8 26. f3
Be6 27. Bh6+ Kxh6 28. Rxf8 a5 29. Re8 b6 30. f4 Bc4 31. Nf2 exf4 32. e5 fxe5
33. Ng4+ Kg5 34. Nxe5 Rc7 35. Rb8 Bd5 36. Nf3+ Bxf3 37. gxf3 Rc6 38. Rf8 Re6
39. Rf7 Re1+ 40. Kc2 Re2+ 41. Kc3 Re3+ 42. Kd4 Rxf3 43. Rxh7 Rf2 44. b4 Rxa2
45. bxa5 bxa5 46. Ke4 Re2+ 47. Kf3 Re3+ 48. Kf2 a4 49. Ra7 a3 50. Ra6 Rb3 51.
Kg2 Rb2+ 52. Kf3 Rb3+ 53. Kf2 Kh5 54. h4 Rh3 55. Kg2 Kxh4 56. Rxg6 Rg3+ 57.
Rxg3 fxg3 0-1

[Event "Madrid ch 2016/2017 - Previa B"]
[Site "Madrid ESP"]
[Date "2017.02.24"]
[Round "8.13"]
[White "Dominguez Afonso, Ayraldo"]
[Black "Ojosnegros Martin, Angel"]
[Result "1-0"]
[WhiteElo "1595"]
[BlackElo "1516"]
[PlyCount "109"]
[EventDate "2017.02.02"]
[EventType "swiss"]
[EventRounds "9"]
[EventCountry "ESP"]
[SourceTitle "Ajedrez en Madrid"]
[Source "lmi"]
[SourceDate "2017.02.02"]

1. e4 e5 2. Nf3 Nc6 3. Bb5 Bc5 4. O-O Nge7 5. c3 Bb6 6. d4 exd4 7. cxd4 d5 8.
exd5 Nxd5 9. Re1+ Be6 10. Ne5 O-O 11. Nxc6 bxc6 12. Bxc6 Rb8 13. Nc3 Qd6 14.
Ba4 Nf6 15. Be3 Rfd8 16. Qe2 Qb4 17. a3 Qf8 18. Rad1 g6 19. h3 Qg7 20. Qf3 Bd5
21. Nxd5 Nxd5 22. Bb3 c6 23. Bg5 Rd7 24. Bxd5 Rxd5 25. Bf6 Qf8 26. Be5 Rxe5 27.
Rxe5 Qd6 28. Qe4 Bc7 29. Re8+ Rxe8 30. Qxe8+ Kg7 31. Qe5+ Qxe5 32. dxe5 Bxe5
33. b4 Bb2 34. Rd3 Kf8 35. Kf1 Ke7 36. Ke2 Ke6 37. Kd2 Ke5 38. a4 Bd4 39. f3
Kd5 40. Kc2 Kc4 41. Rb3 a6 42. f4 h5 43. b5 cxb5 44. axb5 axb5 45. f5 b4 46.
fxg6 fxg6 47. Rg3 Bc3 48. Rxg6 b3+ 49. Kb1 Bd2 50. g4 hxg4 51. hxg4 Kd5 52. Rb6
Ke5 53. Rb5+ Kf6 54. Kb2 Bf4 55. Rf5+ 1-0

[Event "Madrid ch 2016/2017 - Previa B"]
[Site "Madrid ESP"]
[Date "2017.02.24"]
[Round "8.14"]
[White "Osuna Osuna, Francisco"]
[Black "Cortijo Manso, Luis"]
[Result "1-0"]
[WhiteElo "1588"]
[BlackElo "1518"]
[PlyCount "127"]
[EventDate "2017.02.02"]
[EventType "swiss"]
[EventRounds "9"]
[EventCountry "ESP"]
[SourceTitle "Ajedrez en Madrid"]
[Source "lmi"]
[SourceDate "2017.02.02"]

1. e4 e6 2. d3 d5 3. Nd2 Nf6 4. Ngf3 c5 5. g3 Nc6 6. Bg2 Be7 7. O-O b6 8. c3
O-O 9. Re1 Bb7 10. e5 Nd7 11. Nf1 Re8 12. h4 Qc7 13. Bf4 h5 14. N1h2 Nf8 15.
Ng5 Bxg5 16. hxg5 g6 17. Nf3 Ne7 18. Nh4 Nf5 19. Nxf5 exf5 20. e6 Qe7 21. exf7+
Qxf7 22. d4 c4 23. Qa4 Ne6 24. Qb5 Nxf4 25. gxf4 Rac8 26. Rxe8+ Rxe8 27. b3 Qe6
28. bxc4 a6 29. Qxd5 Bxd5 30. Bxd5 Qxd5 31. cxd5 b5 32. a4 Rb8 33. axb5 Rxb5
34. Rxa6 Kg7 35. d6 Rd5 36. Ra7+ Kf8 37. d7 Ke7 38. d8=Q+ Kxd8 39. Ra6 Ke7 40.
Rxg6 Kf7 41. Rh6 Kg7 42. Rxh5 Ra5 43. Rh3 Ra1+ 44. Kg2 Rd1 45. Re3 Kg6 46. Kf3
Rh1 47. Ke2 Rh4 48. Rf3 Rh1 49. c4 Rc1 50. c5 Rc2+ 51. Kd3 Ra2 52. Kc4 Ra4+ 53.
Kd5 Ra5 54. Kd6 Kf7 55. Re3 Ra8 56. Re7+ Kf8 57. g6 Ra6+ 58. c6 Kg8 59. d5 Kf8
60. Rb7 Ra8 61. c7 Ra6+ 62. Ke5 Kg7 63. c8=Q+ Kh6 64. Qh8+ 1-0

[Event "Madrid ch 2016/2017 - Previa B"]
[Site "Madrid ESP"]
[Date "2017.02.24"]
[Round "8.15"]
[White "Ghavami, Mahmoud"]
[Black "Rodriguez Torres, Manuel"]
[Result "0-1"]
[WhiteElo "1586"]
[BlackElo "1588"]
[PlyCount "102"]
[EventDate "2017.02.02"]
[EventType "swiss"]
[EventRounds "9"]
[EventCountry "ESP"]
[SourceTitle "Ajedrez en Madrid"]
[Source "lmi"]
[SourceDate "2017.02.02"]

1. e4 c5 2. Nf3 Nc6 3. Bb5 Qb6 4. Qe2 a6 5. Ba4 e6 6. c3 Nf6 7. d3 Be7 8. h3
O-O 9. Bf4 d6 10. Na3 Bd7 11. O-O Rfe8 12. Rab1 Rac8 13. Nc4 Qc7 14. Ne3 Nd4
15. cxd4 Bxa4 16. dxc5 Qxc5 17. Rfc1 Qxc1+ 18. Rxc1 Rxc1+ 19. Kh2 Nh5 20. Bg5
Bxg5 21. Nxg5 Nf4 22. Qd2 Rc5 23. Nc4 Ng6 24. Nxd6 Re7 25. Qb4 Rxg5 26. Qxa4
Rc5 27. Qb4 Rec7 28. Kg3 Rg5+ 29. Kf3 Nh4+ 30. Ke3 Rxg2 31. Nxb7 h6 32. Nc5 Kh7
33. e5 Nf5+ 34. Kf3 Rh2 35. Qb6 Rc8 36. b4 Rxh3+ 37. Kg2 Rh4 38. Qxa6 Rd8 39.
Qb7 Rdd4 40. Qxf7 Rdg4+ 41. Kf1 Nd4 42. Ke1 Rf4 43. Qe7 Rh2 44. Ne4 Nc2+ 45.
Kd1 Ne3+ 46. Kc1 Nd5 47. Qd6 Nxb4 48. Qxb4 Rhxf2 49. a4 Ra2 50. Qb3 Rf1+ 51.
Qd1 Ra1+ 0-1

[Event "Madrid ch 2016/2017 - Previa B"]
[Site "Madrid ESP"]
[Date "2017.02.24"]
[Round "8.16"]
[White "Pareja Cerrato, Antonio"]
[Black "Benitez Cadenas, Luis Miguel"]
[Result "0-1"]
[WhiteElo "1509"]
[BlackElo "1572"]
[PlyCount "120"]
[EventDate "2017.02.02"]
[EventType "swiss"]
[EventRounds "9"]
[EventCountry "ESP"]
[SourceTitle "Ajedrez en Madrid"]
[Source "lmi"]
[SourceDate "2017.02.02"]

1. e4 e6 2. d4 d5 3. exd5 exd5 4. Nc3 c6 5. Nf3 Bd6 6. Be2 Ne7 7. Bg5 f6 8. Be3
Qc7 9. h3 Bf5 10. Bd3 O-O 11. Nh4 Bxd3 12. Qxd3 Na6 13. a3 Rae8 14. O-O-O Qa5
15. Nf5 Nxf5 16. Qxf5 Re7 17. Bd2 Qc7 18. Rhe1 Ref7 19. Re6 Qd7 20. Rde1 Nc7
21. g4 Nxe6 22. Rxe6 Re7 23. Re3 Qxf5 24. gxf5 Rfe8 25. Kd1 Kf7 26. b4 a5 27.
bxa5 Rxe3 28. fxe3 Bxa3 29. Ke2 g6 30. fxg6+ hxg6 31. Kf3 Rh8 32. Kg2 Rh5 33.
e4 dxe4 34. Nxe4 Rh4 35. Nc5 Rxd4 36. Nb3 Rc4 37. c3 Bb2 38. a6 bxa6 39. Na5
Rc5 40. Nb7 Rd5 41. Be1 Rd1 42. Kf2 Rd3 43. Nc5 Rxh3 44. Nxa6 Bxc3 45. Kg2 Re3
46. Bf2 Re2 47. Kf3 Ra2 48. Nb8 Rxf2+ 49. Kxf2 c5 50. Ke3 g5 51. Ke4 Kg6 52.
Nd7 Bb4 53. Nf8+ Kf7 54. Nd7 Ke7 55. Nb6 Ke6 56. Nc4 f5+ 57. Kf3 Bc3 58. Ne3
g4+ 59. Ke2 Bd4 60. Ng2 Ke5 0-1